[Event "Sarkany-Aranytiz GM"]
[Site "Budapest"]
[Date "2016.08.19"]
[Round "1.1"]
[White "Torma, Robert"]
[Black "Flumbort, Andras Dr"]
[Result "1/2-1/2"]
[WhiteElo "2486"]
[BlackElo "2460"]
[PlyCount "119"]
[EventDate "2016.08.19"]
[EventType "tourn"]
[EventRounds "9"]
[EventCountry "HUN"]
[EventCategory "9"]

1. d4 d5 2. c4 c6 3. Nf3 Nf6 4. Nc3 dxc4 5. a4 Bf5 6. Ne5 Nbd7 7. Nxc4 Qc7 8.
g3 e5 9. dxe5 Nxe5 10. Bf4 Nfd7 11. a5 f6 12. a6 b5 13. Ne3 Be6 14. Bg2 Rd8 15.
O-O Bc5 16. Qc2 O-O 17. b4 Bd6 18. Nf5 Bxf5 19. Qxf5 Bxb4 20. Ne4 Rfe8 21. Rfc1
Bf8 22. h4 Nb6 23. h5 Qd7 24. Qxd7 Nbxd7 25. Be3 Ra8 26. Nc5 Nb6 27. Nd3 Nd5
28. Nxe5 fxe5 29. Rxc6 Nxe3 30. fxe3 e4 31. Rb1 Re5 32. Bh3 Rxh5 33. Be6+ Kh8
34. Rbc1 g6 35. Rc8 Rxc8 36. Rxc8 Kg7 37. Rc7+ Kf6 38. Bg8 Bc5 39. Bxh7 Bxe3+
40. Kg2 Rg5 41. Bg8 Rf5 42. Kh3 Kg5 43. Re7 Kf6 44. Rxe4 Re5 45. Rxe5 Kxe5 46.
Kg4 b4 47. Bf7 g5 48. Kf3 Kd4 49. g4 Bc1 50. e3+ Bxe3 51. Ke2 Bf4 52. Kd1 Kc3
53. Be6 b3 54. Bf7 b2 55. Bg6 Be5 56. Bf5 Kb3 57. Be6+ Kc3 58. Bf5 Kb3 59. Be6+
Kc3 60. Bf5 1/2-1/2

[Event "Sarkany-Aranytiz GM"]
[Site "Budapest"]
[Date "2016.08.19"]
[Round "1.2"]
[White "Vucinic, Gojko"]
[Black "Hirneise, Tobias"]
[Result "0-1"]
[WhiteElo "2399"]
[BlackElo "2471"]
[PlyCount "93"]
[EventDate "2016.08.19"]
[EventType "tourn"]
[EventRounds "9"]
[EventCountry "HUN"]
[EventCategory "9"]

1. e4 e5 2. Nf3 Nc6 3. Bb5 a6 4. Ba4 Nf6 5. O-O Be7 6. d3 b5 7. Bb3 d6 8. a3
O-O 9. Nc3 Rb8 10. Nd5 Nxd5 11. Bxd5 Bd7 12. Be3 Bf6 13. b4 Nd4 14. Nxd4 exd4
15. Bd2 Be6 16. Bxe6 fxe6 17. f4 Qd7 18. Qg4 Rbe8 19. Rf3 Qc6 20. Rc1 e5 21. c4
bxc4 22. Rxc4 Qa4 23. Rh3 exf4 24. Rxc7 Be5 25. Rc1 Qb3 26. Rf1 Re6 27. Bc1
Ref6 28. Rhf3 Qc2 29. Qh4 h6 30. Qf2 Qb3 31. Bb2 g5 32. Rh3 f3 33. Rxf3 Rxf3
34. gxf3 Qxd3 35. h3 Rc8 36. Rc1 Rxc1+ 37. Bxc1 Qb1 38. Qf1 d3 39. Be3 Qc2 40.
Qf2 Bc3 41. Qxc2 dxc2 42. Bc1 Be5 43. a4 Bf4 44. Bb2 c1=Q+ 45. Bxc1 Bxc1 46. b5
axb5 47. axb5 0-1

[Event "Sarkany-Aranytiz GM"]
[Site "Budapest"]
[Date "2016.08.19"]
[Round "1.3"]
[White "Smirnov, Anton"]
[Black "Gonda, Laszlo"]
[Result "1-0"]
[WhiteElo "2486"]
[BlackElo "2500"]
[PlyCount "73"]
[EventDate "2016.08.19"]
[EventType "tourn"]
[EventRounds "9"]
[EventCountry "HUN"]
[EventCategory "9"]

1. e4 e5 2. Nf3 Nc6 3. Bb5 a6 4. Ba4 Nf6 5. O-O Be7 6. Re1 b5 7. Bb3 d6 8. c3
O-O 9. d4 Bg4 10. Be3 Bh5 11. h3 exd4 12. cxd4 Na5 13. Bc2 Nc4 14. Bc1 d5 15.
e5 Nd7 16. b3 Ncb6 17. Bb2 f5 18. a3 Rc8 19. Qd3 c5 20. dxc5 Nxc5 21. Qe3 Ne6
22. Bd1 Bc5 23. Nd4 Qh4 24. Bxh5 Nxd4 25. e6 Nc2 26. Bf7+ Kh8 27. Qd2 Nxe1 28.
Qxe1 Be7 29. Nd2 Rc2 30. Be5 Rfc8 31. Nf3 Qe4 32. Qa5 Bc5 33. Rf1 Qe2 34. Bd4
Na8 35. Re1 Qd3 36. Bxc5 R2xc5 37. e7 1-0

[Event "Sarkany-Aranytiz GM"]
[Site "Budapest"]
[Date "2016.08.19"]
[Round "1.4"]
[White "Miron, Lucian Costin"]
[Black "Korpa, Bence"]
[Result "1/2-1/2"]
[WhiteElo "2495"]
[BlackElo "2468"]
[PlyCount "37"]
[EventDate "2016.08.19"]
[EventType "tourn"]
[EventRounds "9"]
[EventCountry "HUN"]
[EventCategory "9"]

1. d4 Nf6 2. c4 e6 3. Nf3 d5 4. Bg5 Be7 5. cxd5 exd5 6. Nc3 c6 7. e3 h6 8. Bh4
Bf5 9. Bd3 Bxd3 10. Bxf6 Bxf6 11. Qxd3 a5 12. O-O O-O 13. e4 dxe4 14. Nxe4 Na6
15. Qb3 Rb8 16. Qa4 Be7 17. a3 Qb6 18. Ned2 Qxb2 19. Qxa5 1/2-1/2

[Event "Sarkany-Aranytiz GM"]
[Site "Budapest"]
[Date "2016.08.19"]
[Round "1.5"]
[White "Kovacs, Gabor Dr"]
[Black "Kantsler, Boris"]
[Result "0-1"]
[WhiteElo "2460"]
[BlackElo "2394"]
[PlyCount "102"]
[EventDate "2016.08.19"]
[EventType "tourn"]
[EventRounds "9"]
[EventCountry "HUN"]
[EventCategory "9"]

1. d4 Nf6 2. Nf3 g6 3. g3 Bg7 4. Bg2 O-O 5. O-O d6 6. c4 c6 7. Nc3 Bf5 8. Ne1
Be6 9. d5 cxd5 10. cxd5 Bd7 11. Qb3 Qb6 12. Qxb6 axb6 13. Nc2 b5 14. Bd2 Na6
15. Rfc1 Rfc8 16. Nd1 Bf5 17. Nde3 Be4 18. Bc3 Bxg2 19. Kxg2 Rc5 20. Bd4 Rcc8
21. Na3 Nc7 22. Bxf6 Bxf6 23. Rc2 Rxa3 24. Rac1 Rxa2 25. Rxc7 Rxc7 26. Rxc7
Rxb2 27. Rxb7 h5 28. Kf3 Kg7 29. Nd1 Rb1 30. Ne3 b4 31. Nc4 g5 32. h3 Kg6 33.
Nd2 Rd1 34. Ne4 Rxd5 35. Rxb4 Rd4 36. Rxd4 Bxd4 37. e3 Bb6 38. g4 hxg4+ 39.
hxg4 d5 40. Nc3 e6 41. Ke2 Kf6 42. Kd3 Ke5 43. Ne2 Kd6 44. Ng1 e5 45. f3 Ba5
46. Nh3 f6 47. e4 Bb6 48. Kc3 dxe4 49. fxe4 Bd4+ 50. Kb4 Kc6 51. Kc4 Bc5 0-1

[Event "Sarkany-Aranytiz GM"]
[Site "Budapest"]
[Date "2016.08.21"]
[Round "2.1"]
[White "Torma, Robert"]
[Black "Vucinic, Gojko"]
[Result "1/2-1/2"]
[WhiteElo "2486"]
[BlackElo "2399"]
[PlyCount "55"]
[EventDate "2016.08.19"]
[EventType "tourn"]
[EventRounds "9"]
[EventCountry "HUN"]
[EventCategory "9"]

1. e4 c5 2. Nf3 g6 3. c3 d5 4. exd5 Qxd5 5. d4 Bg7 6. Be3 Nf6 7. Qb3 Qxb3 8.
axb3 cxd4 9. Bxd4 Nc6 10. Bb5 Bd7 11. Bxc6 Bxc6 12. Rxa7 Rxa7 13. Bxa7 O-O 14.
Bc5 Ra8 15. Ba3 Be4 16. O-O Nd5 17. c4 Nf4 18. Nbd2 Bc2 19. g3 Nd3 20. Ne1 Nxe1
21. Rxe1 Rd8 22. Ne4 e6 23. Be7 Rc8 24. Nf6+ Bxf6 25. Bxf6 Bxb3 26. Rc1 Rxc4
27. Rxc4 Bxc4 28. f4 1/2-1/2

[Event "Sarkany-Aranytiz GM"]
[Site "Budapest"]
[Date "2016.08.21"]
[Round "2.2"]
[White "Hirneise, Tobias"]
[Black "Smirnov, Anton"]
[Result "0-1"]
[WhiteElo "2471"]
[BlackElo "2486"]
[PlyCount "74"]
[EventDate "2016.08.19"]
[EventType "tourn"]
[EventRounds "9"]
[EventCountry "HUN"]
[EventCategory "9"]

1. d4 d5 2. c4 c6 3. Nf3 Nf6 4. Nc3 e6 5. e3 Nbd7 6. Qc2 Bd6 7. Bd3 O-O 8. O-O
dxc4 9. Bxc4 b5 10. Be2 Qe7 11. Ng5 Bb7 12. Bf3 Rac8 13. Nce4 Nxe4 14. Nxe4 c5
15. dxc5 Bxc5 16. Ng5 Nf6 17. Qb3 h6 18. Bxb7 Qxb7 19. Nf3 a5 20. Bd2 a4 21.
Qd3 Rfd8 22. Qe2 Ne4 23. Ba5 Rd5 24. Rac1 Ra8 25. Be1 Rad8 26. Ba5 Ra8 27. Be1
Rad8 28. Ba5 R8d7 29. Qc2 Ng5 30. Nxg5 Rxg5 31. e4 b4 32. Kh1 Bf8 33. Qxa4 Qa7
34. Rc8 Rxa5 35. Qxb4 Rc5 36. Re8 Rb7 37. Qd4 Rb8 0-1

[Event "Sarkany-Aranytiz GM"]
[Site "Budapest"]
[Date "2016.08.21"]
[Round "2.3"]
[White "Gonda, Laszlo"]
[Black "Miron, Lucian Costin"]
[Result "1/2-1/2"]
[WhiteElo "2500"]
[BlackElo "2495"]
[PlyCount "21"]
[EventDate "2016.08.19"]
[EventType "tourn"]
[EventRounds "9"]
[EventCountry "HUN"]
[EventCategory "9"]

1. Nf3 Nf6 2. g3 b5 3. Bg2 Bb7 4. Na3 a6 5. c4 c6 6. O-O d6 7. d4 Nbd7 8. Qe1
e5 9. Bd2 Qb8 10. Rc1 exd4 11. Nxd4 1/2-1/2

[Event "Sarkany-Aranytiz GM"]
[Site "Budapest"]
[Date "2016.08.21"]
[Round "2.4"]
[White "Korpa, Bence"]
[Black "Kovacs, Gabor Dr"]
[Result "1/2-1/2"]
[WhiteElo "2468"]
[BlackElo "2460"]
[PlyCount "161"]
[EventDate "2016.08.19"]
[EventType "tourn"]
[EventRounds "9"]
[EventCountry "HUN"]
[EventCategory "9"]

1. Nf3 d5 2. g3 e6 3. Bg2 Nf6 4. O-O Be7 5. d4 O-O 6. c4 dxc4 7. Qc2 a6 8. a4
Bd7 9. Qxc4 Bc6 10. Bg5 Bd5 11. Qc2 Be4 12. Qc1 h6 13. Bxf6 Bxf6 14. Rd1 Bxf3
15. Bxf3 c6 16. e3 a5 17. Nd2 Nd7 18. Nc4 Nb6 19. b3 Qc7 20. Be4 Rfd8 21. Qc2
Nd5 22. Rac1 Qe7 23. Qd2 Qb4 24. Qxb4 Nxb4 25. f4 Nd5 26. Kf2 Be7 27. Bf3 Ra6
28. e4 Nb6 29. Ne3 Raa8 30. d5 exd5 31. exd5 cxd5 32. Nxd5 Nxd5 33. Bxd5 Rac8
34. Bxb7 Rxc1 35. Rxc1 Rd7 36. Rc8+ Kh7 37. Ba6 Bb4 38. g4 Kg6 39. Bb5 Rd2+ 40.
Ke3 Rxh2 41. Rc6+ f6 42. Rc7 h5 43. Bd3+ Kh6 44. g5+ fxg5 45. Rc6+ g6 46. Rxg6+
Kh7 47. Rxg5+ Kh8 48. Ke4 Bd2 49. Kf5 Rh4 50. Ke6 Rxf4 51. Rxh5+ Kg7 52. Rh7+
Kf8 53. Bc4 Rd4 54. Bd5 Bb4 55. Rh1 Rg4 56. Kd7 Rg7+ 57. Kd8 Rg5 58. Bc4 Kg7
59. Rf1 Rc5 60. Kd7 Kg6 61. Rf3 Kg5 62. Rf1 Rf5 63. Rd1 Kf4 64. Kc6 Ke3 65. Rd7
Rg5 66. Rd3+ Ke4 67. Rd8 Ke3 68. Rd1 Ke4 69. Kd7 Ke3 70. Ke6 Rg6+ 71. Ke5 Rg5+
72. Kf6 Rh5 73. Rd8 Rh6+ 74. Kf5 Rd6 75. Re8+ Kd4 76. Re4+ Kc3 77. Ke5 Rd8 78.
Re3+ Kb2 79. Rh3 Ka3 80. Bd5 Rc8 81. Rh1 1/2-1/2

[Event "Sarkany-Aranytiz GM"]
[Site "Budapest"]
[Date "2016.08.21"]
[Round "2.5"]
[White "Flumbort, Andras Dr"]
[Black "Kantsler, Boris"]
[Result "1/2-1/2"]
[WhiteElo "2460"]
[BlackElo "2394"]
[PlyCount "26"]
[EventDate "2016.08.19"]
[EventType "tourn"]
[EventRounds "9"]
[EventCountry "HUN"]
[EventCategory "9"]

1. d4 Nf6 2. c4 g6 3. Nc3 Bg7 4. e4 d6 5. Nf3 O-O 6. Be2 c5 7. O-O cxd4 8. Nxd4
Nc6 9. Be3 Bd7 10. Qd2 Nxd4 11. Bxd4 Bc6 12. f3 a5 13. b3 Nd7 1/2-1/2

[Event "Sarkany-Aranytiz GM"]
[Site "Budapest"]
[Date "2016.08.22"]
[Round "3.1"]
[White "Smirnov, Anton"]
[Black "Torma, Robert"]
[Result "1/2-1/2"]
[WhiteElo "2486"]
[BlackElo "2486"]
[PlyCount "161"]
[EventDate "2016.08.19"]
[EventType "tourn"]
[EventRounds "9"]
[EventCountry "HUN"]
[EventCategory "9"]

1. d4 d5 2. c4 c6 3. Nf3 Nf6 4. Nc3 e6 5. Bg5 Nbd7 6. e3 Qa5 7. Nd2 Bb4 8. Qc2
O-O 9. Be2 c5 10. Bf4 Re8 11. O-O Bxc3 12. bxc3 Nb6 13. Bd6 cxd4 14. Bb4 d3 15.
Bxd3 Qa4 16. Qxa4 Nxa4 17. cxd5 exd5 18. Rfc1 Bd7 19. c4 Nb2 20. Bf1 Nxc4 21.
Nxc4 dxc4 22. Rxc4 Rac8 23. Rd4 Re4 24. Rxe4 Nxe4 25. Rd1 Be6 26. f3 Nf6 27. e4
Nd7 28. a3 Nb6 29. Kf2 f6 30. Bd3 Kf7 31. e5 fxe5 32. Be4 Rc7 33. Rd8 Rc8 34.
Rd3 Rc7 35. Bd6 Rd7 36. Bxe5 Rxd3 37. Bxd3 Nc4 38. Bd4 Nxa3 39. Bxa7 g6 40. Be4
Nb5 41. Bc5 Bc8 42. Bd5+ Kg7 43. Ke3 Nc7 44. Be4 Ne6 45. Bb6 Kf6 46. f4 h5 47.
g3 Kf7 48. Bd5 Ke7 49. Kf3 Nd8 50. Be4 Bf5 51. Bxd8+ Kxd8 52. Bxb7 Ke7 53. Ke3
Kf6 54. Bf3 Bc8 55. Kd4 Be6 56. Bd1 Bc8 57. Kd5 Be6+ 58. Kd6 Bh3 59. Ba4 Be6
60. Be8 Bb3 61. Bd7 Ba2 62. Kc5 Bb3 63. Kd4 Ba2 64. Ke3 Bb3 65. Kf2 Bd5 66. Ke3
Bb3 67. Kf3 Bd5+ 68. Kf2 Be4 69. Ke3 Bd5 70. h4 Bb3 71. f5 gxf5 72. Kf4 Bc2 73.
Bb5 Bb3 74. Bc6 Bc4 75. Ba4 Be2 76. Bc2 Bg4 77. Bd3 Kg6 78. Ke5 Bd1 79. Bxf5+
Kh6 80. Kf6 Ba4 81. Be4 1/2-1/2

[Event "Sarkany-Aranytiz GM"]
[Site "Budapest"]
[Date "2016.08.22"]
[Round "3.2"]
[White "Miron, Lucian Costin"]
[Black "Hirneise, Tobias"]
[Result "1/2-1/2"]
[WhiteElo "2495"]
[BlackElo "2471"]
[PlyCount "120"]
[EventDate "2016.08.19"]
[EventType "tourn"]
[EventRounds "9"]
[EventCountry "HUN"]
[EventCategory "9"]

1. d4 d5 2. c4 c6 3. Nf3 Nf6 4. Qb3 dxc4 5. Qxc4 Bf5 6. g3 e6 7. Bg2 Be7 8. O-O
O-O 9. e3 Nbd7 10. Qe2 Ne4 11. Nfd2 Nxd2 12. Nxd2 Nf6 13. e4 Bg6 14. Qe3 Rc8
15. Nb3 a5 16. h3 Nd7 17. a4 c5 18. Rd1 Qb6 19. d5 exd5 20. Rxd5 Nf6 21. Rd1
Nxe4 22. Nxa5 Bg5 23. Qe1 Rfe8 24. Nc4 Qa6 25. Bxg5 Qxc4 26. Be3 Qb3 27. Kh2 b6
28. Qe2 Nxf2 29. Qxf2 Qxe3 30. Qxe3 Rxe3 31. Re1 Rxe1 32. Rxe1 Kf8 33. Kg1 Rd8
34. Rc1 Rd3 35. g4 Rg3 36. Kh1 h5 37. gxh5 Bxh5 38. a5 bxa5 39. Rxc5 g6 40.
Rxa5 Rb3 41. Ra2 Kg7 42. Kg1 Kf6 43. Bf1 Kg5 44. Bc4 Rg3+ 45. Kh2 Rf3 46. Ra3
Rf4 47. Rc3 Kh4 48. b4 f5 49. b5 Rf2+ 50. Kg1 Rb2 51. Rb3 Rxb3 52. Bxb3 Bf3 53.
Kh2 f4 54. Bc2 g5 55. Bf5 Bd5 56. Bc8 f3 57. b6 Be4 58. b7 Bxb7 59. Bxb7 g4 60.
hxg4 Kxg4 1/2-1/2

[Event "Sarkany-Aranytiz GM"]
[Site "Budapest"]
[Date "2016.08.22"]
[Round "3.3"]
[White "Kovacs, Gabor Dr"]
[Black "Gonda, Laszlo"]
[Result "1/2-1/2"]
[WhiteElo "2460"]
[BlackElo "2500"]
[PlyCount "44"]
[EventDate "2016.08.19"]
[EventType "tourn"]
[EventRounds "9"]
[EventCountry "HUN"]
[EventCategory "9"]

1. e4 e5 2. Nf3 Nc6 3. Bb5 Nf6 4. O-O Nxe4 5. Re1 Nd6 6. Nxe5 Be7 7. Bf1 Nxe5
8. Rxe5 O-O 9. Nc3 Ne8 10. Nd5 Bd6 11. Re1 c6 12. Ne3 Bc7 13. Nf5 d5 14. Ne7+
Kh8 15. Nxc8 Qxc8 16. a4 Nf6 17. g3 Qd7 18. Ra3 Rfe8 19. Rae3 Kg8 20. Rxe8+
Rxe8 21. Rxe8+ Qxe8 22. Qe2 Qxe2 1/2-1/2

[Event "Sarkany-Aranytiz GM"]
[Site "Budapest"]
[Date "2016.08.22"]
[Round "3.4"]
[White "Vucinic, Gojko"]
[Black "Flumbort, Andras Dr"]
[Result "1-0"]
[WhiteElo "2399"]
[BlackElo "2460"]
[PlyCount "57"]
[EventDate "2016.08.19"]
[EventType "tourn"]
[EventRounds "9"]
[EventCountry "HUN"]
[EventCategory "9"]

1. e4 c5 2. Nf3 d6 3. d4 cxd4 4. Nxd4 Nf6 5. Nc3 e6 6. g4 a6 7. g5 Nfd7 8. Be3
b5 9. a3 Bb7 10. h4 Nb6 11. Bg2 N8d7 12. h5 Ne5 13. f4 Nbc4 14. Bc1 Nc6 15.
Nxc6 Bxc6 16. b3 Nb6 17. Bb2 e5 18. Qg4 Bd7 19. Qf3 exf4 20. O-O-O Qxg5 21. e5
d5 22. Nxd5 Nxd5 23. Qxd5 Rd8 24. Bf3 Be7 25. Rhg1 Qf5 26. Bg4 Qxg4 27. Rxg4
Bxg4 28. Qc6+ Bd7 29. Qb7 1-0

[Event "Sarkany-Aranytiz GM"]
[Site "Budapest"]
[Date "2016.08.23"]
[Round "4.1"]
[White "Gonda, Laszlo"]
[Black "Kantsler, Boris"]
[Result "1/2-1/2"]
[WhiteElo "2500"]
[BlackElo "2394"]
[PlyCount "51"]
[EventDate "2016.08.19"]
[EventType "tourn"]
[EventRounds "9"]
[EventCountry "HUN"]
[EventCategory "9"]

1. d4 Nf6 2. c4 g6 3. Nf3 Bg7 4. g3 O-O 5. Bg2 d6 6. Nc3 Nc6 7. O-O Bf5 8. Ne1
e5 9. d5 Ne7 10. e4 Bg4 11. f3 Bc8 12. Nd3 Nd7 13. Be3 f5 14. Qd2 Nf6 15. Kh1
c6 16. a4 a5 17. c5 cxd5 18. cxd6 d4 19. dxe7 Qxe7 20. Bg1 dxc3 21. Qxc3 Re8
22. Nc5 Kh8 23. exf5 gxf5 24. Qb3 Nd7 25. Rac1 Nxc5 26. Bxc5 1/2-1/2

[Event "Sarkany-Aranytiz GM"]
[Site "Budapest"]
[Date "2016.08.23"]
[Round "4.2"]
[White "Hirneise, Tobias"]
[Black "Kovacs, Gabor Dr"]
[Result "1/2-1/2"]
[WhiteElo "2471"]
[BlackElo "2460"]
[PlyCount "220"]
[EventDate "2016.08.19"]
[EventType "tourn"]
[EventRounds "9"]
[EventCountry "HUN"]
[EventCategory "9"]

1. d4 d5 2. c4 e6 3. Nf3 Nf6 4. g3 Be7 5. Bg2 O-O 6. O-O dxc4 7. Ne5 Nc6 8.
Nxc6 bxc6 9. Na3 Bxa3 10. bxa3 a5 11. Bxc6 Rb8 12. Qc2 Ba6 13. Rd1 Nd5 14. e4
Nb6 15. a4 Bb7 16. Bxb7 Rxb7 17. Ba3 Re8 18. Rab1 Qd7 19. Rb5 Rbb8 20. Rxa5 Ra8
21. Bb4 Nxa4 22. Rc1 Rxa5 23. Bxa5 Ra8 24. Bb4 Qxd4 25. Qxc4 Qxc4 26. Rxc4 c5
27. Bxc5 Nxc5 28. Rxc5 h6 29. Rc2 Ra4 30. Re2 g5 31. Kf1 Kg7 32. Ke1 Kf6 33.
Kd1 Ke5 34. Kc1 Kd4 35. Kb2 Rb4+ 36. Kc2 Rb7 37. a3 h5 38. Re3 Rc7+ 39. Kb2
Rb7+ 40. Rb3 Ra7 41. Rb4+ Kd3 42. e5 Ke2 43. f4 g4 44. Rb8 h4 45. gxh4 Kf3 46.
h5 Kxf4 47. h6 f5 48. exf6 Kg5 49. Rf8 Rh7 50. f7 Kxh6 51. Re8 Rxf7 52. Rxe6+
Kg5 53. Re2 Rf4 54. Kb3 Rf3+ 55. Kb4 Rf4+ 56. Kb5 Rf5+ 57. Kc4 Rf4+ 58. Kd5 Kh4
59. Ke5 Rc4 60. Ra2 Ra4 61. Kd5 Kh3 62. Ke5 Kh4 63. Kf5 Kh5 64. Ra1 Kh4 65. Ke5
Kh3 66. Ra2 Kh4 67. Kd6 Kh3 68. Kd5 Kh4 69. Kd6 Kh3 70. Kc5 Ra5+ 71. Kb4 Rf5
72. a4 Rf4+ 73. Kb5 Rf5+ 74. Kc4 Rf4+ 75. Kb5 Rf5+ 76. Kc4 Rf4+ 77. Kd5 Rf5+
78. Ke4 Rf8 79. a5 Re8+ 80. Kd5 Rd8+ 81. Kc5 Rc8+ 82. Kb6 Rb8+ 83. Kc6 Ra8 84.
Kb6 Rb8+ 85. Kc6 Ra8 86. Kb5 Rb8+ 87. Ka4 Ra8 88. Rc2 Ra7 89. Kb5 Rb7+ 90. Ka4
Ra7 91. Rd2 Ra8 92. Re2 Ra7 93. Kb5 Rb7+ 94. Kc6 Rb1 95. Ra2 Rf1 96. a6 Rf6+
97. Kd5 Rf8 98. a7 Ra8 99. Ke5 Re8+ 100. Kf6 Rf8+ 101. Kg7 Ra8 102. Kh7 Rxa7+
103. Rxa7 Kxh2 104. Kg6 g3 105. Rh7+ Kg2 106. Kg5 Kf3 107. Rf7+ Ke2 108. Kh4 g2
109. Rg7 Kf2 110. Rxg2+ Kxg2 1/2-1/2

[Event "Sarkany-Aranytiz GM"]
[Site "Budapest"]
[Date "2016.08.23"]
[Round "4.3"]
[White "Flumbort, Andras Dr"]
[Black "Korpa, Bence"]
[Result "0-1"]
[WhiteElo "2460"]
[BlackElo "2468"]
[PlyCount "140"]
[EventDate "2016.08.19"]
[EventType "tourn"]
[EventRounds "9"]
[EventCountry "HUN"]
[EventCategory "9"]

1. d4 d5 2. c4 dxc4 3. Nf3 Nf6 4. e3 e6 5. Bxc4 a6 6. O-O b5 7. Bb3 Bb7 8. a4
Nbd7 9. Qe2 c5 10. Rd1 Qb8 11. axb5 axb5 12. Rxa8 Bxa8 13. Nbd2 Bd6 14. dxc5
Nxc5 15. Bc2 O-O 16. e4 Bc7 17. e5 Ng4 18. Bxh7+ Kxh7 19. Ng5+ Kg8 20. Qxg4 Qb7
21. Ndf3 Rd8 22. Rf1 Ne4 23. Be3 Qd5 24. h4 Rd7 25. Rc1 Bb7 26. Nxe4 Qxe4 27.
Qg5 Bd8 28. Qg3 Rd3 29. Ng5 Qd5 30. Nf3 Rd1+ 31. Kh2 Rxc1 32. Bxc1 Qe4 33. Bh6
Qh7 34. Bg5 Bb6 35. Kh3 Qf5+ 36. Kh2 Bxf3 37. gxf3 Qc2 38. Kg2 Qxb2 39. h5 Bd4
40. Bf4 Kh7 41. h6 g6 42. Qh4 b4 43. Bg3 Bxe5 44. Qe7 Bxg3 45. Qxf7+ Kxh6 46.
Kxg3 Qe5+ 47. f4 Qf5 48. Qe7 b3 49. Qh4+ Kg7 50. Qe7+ Kg8 51. Qd8+ Kg7 52. Qe7+
Qf7 53. Qb4 g5 54. fxg5 e5 55. Kg2 Qd5+ 56. Kg3 Kg6 57. Qh4 Qd3+ 58. Kh2 Qf5
59. Qh6+ Kf7 60. Qb6 Qf3 61. Kg1 Qd1+ 62. Kg2 Qg4+ 63. Kf1 Qe6 64. Qb7+ Kg6 65.
Ke1 Qc4 66. Qb6+ Kxg5 67. Qe3+ Kf5 68. Qf3+ Ke6 69. Qh3+ Kd6 70. Qh6+ Kd5 0-1

[Event "Sarkany-Aranytiz GM"]
[Site "Budapest"]
[Date "2016.08.23"]
[Round "4.4"]
[White "Torma, Robert"]
[Black "Miron, Lucian Costin"]
[Result "0-1"]
[WhiteElo "2486"]
[BlackElo "2495"]
[PlyCount "108"]
[EventDate "2016.08.19"]
[EventType "tourn"]
[EventRounds "9"]
[EventCountry "HUN"]
[EventCategory "9"]

1. d4 Nf6 2. c4 e6 3. Nc3 Bb4 4. Nf3 c5 5. g3 Nc6 6. Bg2 Ne4 7. Bd2 Nxd2 8.
Qxd2 cxd4 9. Nxd4 O-O 10. Nc2 Be7 11. O-O a6 12. Rfd1 Ne5 13. b3 Qc7 14. Rac1
d6 15. Ne4 Rd8 16. Ne1 Rb8 17. Nd3 Nxd3 18. Qxd3 Qa5 19. Qd2 Qxd2 20. Rxd2 f5
21. Nc3 b5 22. cxb5 axb5 23. e4 g6 24. Ne2 Bd7 25. exf5 gxf5 26. Bc6 Kf7 27. f4
Rb6 28. Rdc2 Bf6 29. Bxd7 Rxd7 30. Rc7 Ke7 31. R1c2 b4 32. Kf2 e5 33. Ke3 Ke6
34. Rxd7 Kxd7 35. fxe5 dxe5 36. Rc4 h5 37. Ng1 Bg5+ 38. Ke2 Be7 39. Nf3 Ke6 40.
Rc2 Ra6 41. Ne1 Ra8 42. Ng2 Bd6 43. Ne3 h4 44. g4 f4 45. Nf5 e4 46. Rc6 Rxa2+
47. Ke1 Rxh2 48. Rxd6+ Ke5 49. Rd8 f3 50. Re8+ Kf4 51. Rf8 h3 52. Kf1 Ra2 53.
Kg1 h2+ 54. Kh1 f2 0-1

[Event "Sarkany-Aranytiz GM"]
[Site "Budapest"]
[Date "2016.08.23"]
[Round "4.5"]
[White "Vucinic, Gojko"]
[Black "Smirnov, Anton"]
[Result "1-0"]
[WhiteElo "2399"]
[BlackElo "2486"]
[PlyCount "127"]
[EventDate "2016.08.19"]
[EventType "tourn"]
[EventRounds "9"]
[EventCountry "HUN"]
[EventCategory "9"]

1. e4 e6 2. d4 d5 3. Nc3 Bb4 4. e5 c5 5. a3 Ba5 6. b4 cxd4 7. Qg4 Kf8 8. Nb5
Bb6 9. Nf3 Nc6 10. Bb2 Nge7 11. Bd3 Ng6 12. Qg3 f6 13. Bxg6 hxg6 14. Nbxd4 Nxe5
15. Nxe5 fxe5 16. Qxe5 Rh5 17. Qg3 Qc7 18. O-O-O e5 19. Qf3+ Qf7 20. Qxf7+ Kxf7
21. Nf3 e4 22. Ne5+ Kg8 23. Rxd5 Be6 24. Rd2 Bc7 25. f4 exf3 26. Re1 Bf5 27.
gxf3 Bd8 28. f4 Rh3 29. Nc4 Bh4 30. Rg1 Be7 31. Ne5 Rh6 32. Nf3 Rc8 33. Re1 Bf8
34. Nd4 Rh5 35. Nxf5 Rxf5 36. Be5 g5 37. fxg5 a5 38. Bd6 Bxd6 39. Rxd6 axb4 40.
axb4 Rxg5 41. Red1 Kf8 42. Rd7 Rb5 43. R1d4 b6 44. Rf4+ Kg8 45. Rg4 g5 46. h4
Rf5 47. hxg5 Rf1+ 48. Rd1 Rf5 49. Rd2 Rc7 50. Kb2 Kg7 51. Kb3 b5 52. Rd3 Rf1
53. Rc3 Ra7 54. Rc5 Rf3+ 55. c3 Rb7 56. Rd4 Rf8 57. Rdd5 Rfb8 58. Rc6 Re8 59.
g6 Rf8 60. Rh5 Kg8 61. Rcc5 Rfb8 62. Rcg5 Rb6 63. g7 Kf7 64. Rh8 1-0

[Event "Sarkany-Aranytiz GM"]
[Site "Budapest"]
[Date "2016.08.24"]
[Round "5.1"]
[White "Smirnov, Anton"]
[Black "Flumbort, Andras Dr"]
[Result "1/2-1/2"]
[WhiteElo "2486"]
[BlackElo "2460"]
[PlyCount "81"]
[EventDate "2016.08.19"]
[EventType "tourn"]
[EventRounds "9"]
[EventCountry "HUN"]
[EventCategory "9"]

1. e4 c5 2. Nf3 e6 3. d4 cxd4 4. Nxd4 Nc6 5. Nc3 Qc7 6. Be3 a6 7. Qd2 Nf6 8. f4
Bb4 9. Bd3 Ng4 10. Nxc6 bxc6 11. Bg1 c5 12. a3 Ba5 13. h3 Nf6 14. e5 Ng8 15.
Bxc5 Qxc5 16. b4 Qc7 17. bxa5 Bb7 18. Ne4 Bxe4 19. Bxe4 Rb8 20. O-O f5 21. Bf3
Ne7 22. Rfd1 Nc6 23. Rab1 Rxb1 24. Rxb1 Nxa5 25. Qb4 Kf7 26. Qb6 Rc8 27. Qxa6
Qxc2 28. Rd1 Qc5+ 29. Kh1 Ke7 30. Qd3 Rc7 31. Bh5 g6 32. Be2 Kf7 33. Qg3 Qe7
34. Bb5 Nb7 35. a4 d5 36. exd6 Nxd6 37. Qe3 Ne4 38. Qb6 Nc3 39. Re1 Nd5 40. Qf2
Qb4 41. Rf1 1/2-1/2

[Event "Sarkany-Aranytiz GM"]
[Site "Budapest"]
[Date "2016.08.24"]
[Round "5.2"]
[White "Miron, Lucian Costin"]
[Black "Vucinic, Gojko"]
[Result "1/2-1/2"]
[WhiteElo "2495"]
[BlackElo "2399"]
[PlyCount "55"]
[EventDate "2016.08.19"]
[EventType "tourn"]
[EventRounds "9"]
[EventCountry "HUN"]
[EventCategory "9"]

1. Nf3 Nf6 2. g3 g6 3. b3 Bg7 4. Bb2 O-O 5. Bg2 c5 6. c4 Nc6 7. O-O Rb8 8. d4
d5 9. dxc5 dxc4 10. Ne5 Qa5 11. Bxc6 bxc6 12. Nxc6 Qxc5 13. Nxb8 Bh3 14. Qd4
Qxd4 15. Bxd4 Bxf1 16. Kxf1 Rxb8 17. bxc4 Ne4 18. Bxg7 Kxg7 19. Ke1 Rb4 20. f3
Nd6 21. c5 Nb7 22. Nd2 Nxc5 23. Rc1 Rb5 24. Rc3 h5 25. Ra3 a6 26. Nb3 Nxb3 27.
Rxb3 Kf6 28. Kd2 1/2-1/2

[Event "Sarkany-Aranytiz GM"]
[Site "Budapest"]
[Date "2016.08.24"]
[Round "5.3"]
[White "Kovacs, Gabor Dr"]
[Black "Torma, Robert"]
[Result "0-1"]
[WhiteElo "2460"]
[BlackElo "2486"]
[PlyCount "80"]
[EventDate "2016.08.19"]
[EventType "tourn"]
[EventRounds "9"]
[EventCountry "HUN"]
[EventCategory "9"]

1. d4 d5 2. c4 e6 3. Nf3 Nf6 4. Nc3 c6 5. e3 Nbd7 6. Qc2 Bd6 7. b3 O-O 8. Be2
e5 9. cxd5 cxd5 10. Nb5 Bb4+ 11. Bd2 Bxd2+ 12. Nxd2 a6 13. dxe5 axb5 14. exf6
Nxf6 15. O-O Qa5 16. b4 Qxb4 17. Rfb1 Qa4 18. Qc5 Bd7 19. Bxb5 Qa5 20. Nf1 Bc6
21. Qb4 Ne4 22. Qxa5 Rxa5 23. Bxc6 bxc6 24. Rc1 Rc8 25. Rc2 c5 26. Nd2 Nxd2 27.
Rxd2 c4 28. Rc1 f5 29. Rb1 Rca8 30. Kf1 Kf7 31. h3 R8a7 32. g4 g6 33. gxf5 gxf5
34. Rb6 f4 35. Rd6 f3 36. R6xd5 Rxd5 37. Rxd5 Rxa2 38. Ke1 c3 39. Kd1 Rxf2 40.
Kc1 Ke6 0-1

[Event "Sarkany-Aranytiz GM"]
[Site "Budapest"]
[Date "2016.08.24"]
[Round "5.4"]
[White "Kantsler, Boris"]
[Black "Hirneise, Tobias"]
[Result "1/2-1/2"]
[WhiteElo "2394"]
[BlackElo "2471"]
[PlyCount "27"]
[EventDate "2016.08.19"]
[EventType "tourn"]
[EventRounds "9"]
[EventCountry "HUN"]
[EventCategory "9"]

1. d4 Nf6 2. c4 e6 3. Nc3 Bb4 4. e3 O-O 5. Bd3 c5 6. Nge2 d5 7. O-O cxd4 8.
exd4 Nc6 9. cxd5 Nxd5 10. Nxd5 exd5 11. Nf4 Bd6 12. Be3 Bxf4 13. Bxf4 Be6 14.
Qd2 1/2-1/2